Statistics for FORTNITE BR QUIZ [SEASON 4]

Click here to take the quiz!

General Stats

  • This quiz has been taken 1,144 times
    (833 since last reset)
  • The average score is 48 of 89

Answer Stats

WeaponsAnswer% Correct
CommonAssault Rifle
90%
UncommonAssault Rifle
90%
RareAssault Rifle
90%
RarePump Shotgun
84%
UncommonPump Shotgun
84%
EpicScar
83%
LegendaryScar
83%
CommonTactical Shotgun
81%
UncommonTactical Shotgun
81%
RareTactical Shotgun
81%
CommonGrenades
78%
CommonPistol
76%
UncommonPistol
76%
RarePistol
76%
LocationTilted Towers
73%
EpicBolt Action Sniper
72%
LegendaryBolt Action Sniper
72%
RareBolt Action Sniper
72%
RareBurst Assault Rifle
70%
CommonBurst Assault Rifle
70%
UncommonBurst Assault Rifle
70%
LocationDusty Divot
63%
LegendarySemi-Auto Sniper
62%
EpicSemi-Auto Sniper
62%
LegendaryGrenade Launcher
61%
RareGrenade Launcher
61%
EpicGrenade Launcher
61%
LegendaryRPG
61%
RareRPG
61%
EpicRPG
61%
LocationSalty Springs
61%
LocationWailing Woods
61%
LocationMoisty Mire
60%
LocationRetail Row
60%
LocationSnobby Shores
60%
LocationAnarchy Acres
59%
LocationJunk Junction
59%
LegendaryChug Jug
58%
LocationFatal Fields
58%
LocationLoot Lake
58%
LocationLucky Landing
58%
LocationHaunted Hills
57%
LegendaryHeavy Shotgun
57%
EpicHeavy Shotgun
57%
LocationGreasy Grove
56%
LocationLonely Lodge
56%
LocationPleasant Park
56%
LocationRisky Reels
56%
LocationFlush Factory
55%
CommonBandages
54%
UncommonMedkit
53%
UncommonRevolver
53%
CommonRevolver
53%
RareRevolver
53%
LocationTomato Town
53%
LocationShifty Shafts
52%
EpicSlurp Juice
50%
UncommonTactical SMG
50%
EpicTactical SMG
50%
RareTactical SMG
50%
RareShield Pot
46%
RareHunting Rifle
45%
UncommonHunting Rifle
45%
LegendaryHand Cannon
44%
EpicHand Cannon
44%
UncommonClingers
41%
EpicLaunch Pad
41%
LegendaryMinigun
38%
EpicMinigun
38%
RareSilenced SMG
35%
CommonSilenced SMG
35%
UncommonSilenced SMG
35%
UncommonTrap
34%
RareImpulse Grenade
33%
UncommonMini Shields
32%
LegendarySilenced Pistol
32%
EpicSilenced Pistol
32%
EpicScoped AR
31%
RareScoped AR
31%
EpicLMG
28%
RareLMG
28%
RareBoogie Bomb
26%
EpicPort-A-Fort
25%
RareRemote Explosives
25%
RareCozy Campfire
23%
EpicThermal Scoped AR
14%
LegendaryThermal Scoped AR
14%
LegendaryF2
3%
EpicF2
3%

Score Distribution

Percentile by Number Answered

Percent of People with Each Score

Your Score History

You have not taken this quiz since the last reset